Normal view MARC view

Entry Personal Name

Number of records used in: 1

001 - CONTROL NUMBER

  • control field: 1293

003 - CONTROL NUMBER IDENTIFIER

  • control field: OSt

005 - DATE AND TIME OF LATEST TRANSACTION

  • control field: 20110420142725.0

008 - FIXED-LENGTH DATA ELEMENTS

  • fixed length control field: 110420|||a|||||| | ||| d

040 ## - CATALOGING SOURCE

  • Original cataloging agency: OSt
  • Transcribing agency: OSt

100 ## - HEADING--PERSONAL NAME

  • Personal name: Bharuka, G. C.
  • Fuller form of name: (Gopi Chand),
  • Dates associated with a name: 1941-

670 ## - SOURCE DATA FOUND

  • Source citation: Work cat.: (OSt)0: Mulla, Dinshah Fardunji, Sir, 1868-1934. 1286, The Transfer of Property Act,1882 /, c2006